| 000 | 00466nam a2200169Ia 4500 | ||
|---|---|---|---|
| 999 |
_c23321 _d23321 |
||
| 003 | OSt | ||
| 005 | 20200214161307.0 | ||
| 008 | 190216s9999||||xx |||||||||||||| ||und|| | ||
| 040 | _coclc | ||
| 082 |
_a297 _bALG/K |
||
| 100 |
_aAl Gazzali _91958 |
||
| 245 | 0 |
_aKeemiya sa'atha / _cAl Gazzali |
|
| 260 |
_bBayaniyya Book Stall, _c2014. _aMalappuram: |
||
| 300 | _a399p | ||
| 650 | _aIslamic History | ||
| 942 |
_cBK _2ddc _h297 _iALG/K _k297 _mALG/K |
||